| 000 | 00467nam a2200169Ia 4500 | ||
|---|---|---|---|
| 003 | OSt | ||
| 005 | 20221025114636.0 | ||
| 008 | 221012s9999||||xx |||||||||||||| ||und|| | ||
| 020 | _a81-259-1658-X | ||
| 040 | _cChuka University Library | ||
| 050 |
_aHG 4026 _b.P36 2004 |
||
| 100 |
_aPandey, I. M, _9112 |
||
| 245 | 0 |
_aFinancial management/ _cI. M. Pandey |
|
| 260 |
_aNew Delhi: _bVikas Publishing House, _c2004. |
||
| 650 |
_aFinancial management _9113 |
||
| 942 |
_cBK _2lcc |
||
| 999 |
_c58 _d58 |
||